Sports Quiz

Random Sports or NFL Quiz

New York Giants All Time Greats (HoFamers plus) Quiz Stats

 Plays Quiz not verified by Sporcle

Score 0/22 Timer 07:00
0 Plays Today
Position and years Player % Correct
Linebacker (1981-1993)Lawrence Taylor
98.5%
Quarterback (1979–1993)Phil Simms
88.7%
Quarterback (1961-1964)Y.A. Tittle
85.7%
Defensive End (1993-2007)Michael Strahan
81.8%
Halfback, Flanker (1952-1960, 1962-1964)Frank Gifford
81.3%
Linebacker (1976-1988)Harry Carson
67.5%
Linebacker (1956-1963)Sam Huff
57.1%
Center (1931-1945)Mel Hein
40.9%
Defensive Back (1948-1958)Emlen Tunnell
35%
Tackle (1953-1965) Roosevelt Brown
34%
Quarterback (1948–1961)Charlie Conerly
34%
Position and years Player % Correct
Defensive End (1956-1964)Andy Robustelli
27.1%
End, Halfback (1959–1972)Joe Morrison
16.3%
Tackle (1926-1931, 1933)Steve Owen
15.8%
Halfback, Fullback (1936-1943)Alphonse (Tuffy) Leemans
14.3%
Defensive Tackle (1950-1953)Arnie Weinmeister
12.8%
Halfback (1933-1935, 1939, 1944-1947)Ken Strong
11.8%
End (1930-1935)Morris (Red) Badgro
9.4%
End (1928-1929, 1931-1935)Ray Flaherty
9.4%
Tackle (1942–1944)Al Blozis
5.9%
Tackle (1927-1928, 1936)Robert (Cal) Hubbard
5.4%
Halfback, Defensive Back, Kicker (1937–1945)Ward Cuff
4.9%

You're not logged in!

Compare scores with friends on all Sporcle quizzes.
Join for Free
OR
Log In

You Might Also Like...

Show Comments

Extras

Top Quizzes Today


Score Distribution

Your Account Isn't Verified!

In order to create a playlist on Sporcle, you need to verify the email address you used during registration. Go to your Sporcle Settings to finish the process.

Report this User

Report this user for behavior that violates our Community Guidelines.

Details: